[Event "Kragero op"]
[White "Radeva, Viktoria"]
[Black "Tumanyan, Simon H"]
[Site "Kragero"]
[Round "2"]
[Result "1-0"]
[Date "2020.02.19"]
[WhiteElo "2320"]
[BlackElo "1881"]
[PlyCount "87"]
[EventDate "2020.02.19"]
[EventType "swiss"]
[EventRounds "9"]
[EventCountry "NOR"]
[SourceTitle "CBM 195 Extra"]
[Source "ChessBase"]
[SourceDate "2020.05.31"]
[SourceVersion "1"]
[SourceVersionDate "2020.05.31"]
[SourceQuality "1"]

1. e4 e6 2. d4 d5 3. Nd2 Nf6 4. e5 Nfd7 5. c3 c5 6. Bd3 Nc6 7. Ne2 cxd4 8. cxd4 f6 9. exf6 Nxf6 10. 0-0 Bd6 11. Nf3 0-0 12. Bg5 e5 13. dxe5 Nxe5 14. Ned4 Qb6 15. Rb1 Bg4 16. Be2 Rae8 17. Be3 Qa5 18. h3 Bh5 19. Qb3 Nxf3+ 20. Bxf3 Bxf3 21. Nxf3 Qc7 22. Bxa7 Qf7 23. Be3 Ne4 24. Rbd1 Rd8 25. Rd3 Kh8 26. Bb6 Rd7 27. Rfd1 Nf6 28. Be3 Qg6 29. Qb5 Rc7 30. Bd4 Nh5 31. Be5 Bxe5 32. Nxe5 Qe4 33. Qxd5 Qxd5 34. Rxd5 Rc2 35. R5d2 Rxd2 36. Rxd2 Nf6 37. f3 g6 38. Rc2 Re8 39. Nf7+ Kg8 40. Nd6 Re7 41. Rc8+ Kg7 42. Rb8 Re1+ 43. Kf2 Rd1 44. Rxb7+ 1-0